| 000 | 00435cam a2200169ua 4500 | ||
|---|---|---|---|
| 041 |
_aeng _h |
||
| 082 |
_a589.9 _bBRY/BA |
||
| 100 | _aBryan, Arthur H . | ||
| 245 |
_aBacteriology : Principles and practice / _cArthur H Bryan. _hTextual Documents |
||
| 250 |
_a5 / _b. |
||
| 260 |
_aNew York : _bBarnes & Noble , _c1961. |
||
| 300 | _a422 ; . | ||
| 504 | _a | ||
| 700 | 1 | _aBryan, Charles G . | |
| 942 | _cBK | ||
| 999 |
_c9117 _d9117 |
||